BIBLIOTHÈQUE DE LA MAISON DU MEXIQUE

Logo 1 Logo 2

Catálogo de índices de los libros de Alfonso Reyes (notice nᵒ 12030)

détails MARC
000 -Sello discográfico
campo de control de longitud fija 00884nam a2200289 4500
005 - Identificación de versión
campo de control 20251016083634.0
035 ## - Otros números de control del sistema
Número de control del sistema 3459
099 ## - fechas locales
Tipo de ítem Koha LIBRO
100 ## - Datos de procesamiento general
Datos de procesamiento general 19930801d1955 m y1spay5003 ba
200 1# - Título y mención de responsabilidad
Título propio Catálogo de índices de los libros de Alfonso Reyes
Designación general del material texto impreso
Primer mención de responsabilidad Universidad de Nuevo León
210 ## - Publicación, distribución, etc.
Lugar de publicación, distribución, etc. Monterrey [México]
Nombre del editor, distribuidor, etc. Universidad de Nuevo León
Fecha de publicación, distribución, etc. 1955
215 ## - Descripción física
Designación de material específico y extensión del ítem 89 p
Dimensiones 24 cm
345 ## - Nota de información de adquisición
Fuente de adquisición/dirección de la suscripción [OBSOLETO] Donación
410 #1 - Series
Título Biblioteca Universitaria
600 ## - Nombre personal usado como materia
Elemento de entrada Reyes Ochoa
Parte del nombre distinta del elemento de entrada Alfonso
Fechas 1889-1959
Subdivisión temática Bibliografía
Número Koha 7265
606 ## - Término temático usado como materia
Elemento de entrada Bibliografía
Número Koha 18657
606 ## - Término temático usado como materia
Elemento de entrada Catálogos
Número Koha 18658
660 ## - Código de área geográfica
Código MX
710 ## - Nombre de entidad corporativa - Responsabilidad primaria
Elemento de entrada Universidad de Nuevo León
Adición al nombre o calificador México
Número Koha 7127
801 #0 - Fuente de origen
Agencia cm
900 ## -
-- 1/8489
900 ## -
-- 710934149\\010893
942 ## - ELEMENTOS DE ENTRADA SECUNDARIOS (KOHA)
Tipo de ítem Koha Livre
996 ## -
-- MEX
-- 751145101
-- MMAG
-- 004853
-- 015.86 U58C
-- 20210525LIV
Exemplaires
Estatus retirado Estado de daño Estado de pérdida Fecha de adquisición Biblioteca de origen Biblioteca actual Ubicación en estantería Código de barras Precio de reemplazo Signatura topográfica completa No para préstamo Tipo de ítem Koha Nota pública Nota no pública
      05/08/2025 Casa México Paris Casa México Paris   004853 05/08/2025 015.86 U58C   Livre 20210525LIV 751145101